000 00742cam a22002534a 4500
999 _c20501
_d20501
001 15856191
003 OSt
005 20210301121209.0
008 170106b xxu||||| |||| 00| 0 eng d
010 _a 2009031285
020 _a9781595142795
040 _aMMU
_cMMU
_dMMU
_beng
050 0 0 _aBJ1857.Y58
_bB63 2010
082 0 0 _a395.1/233
_222
100 1 _aBlasberg, Derek.
245 1 0 _aClassy :
_bbe a lady, not a tramp /
_cDerek Blasberg.
260 _aNew York, N.Y. :
_bRazorbill,
_cc2010.
300 _a230 p. :
_bill. (some col.) ;
_c22 cm.
500 _aIncludes bibliographical references.
650 0 _aEtiquette for young adults.
650 0 _aFashion.
650 0 _aYoung adults
_xConduct of life.
942 _2lcc
_cLOAN LOAN